000 00499nam a2200169 i 4500
001 103789
003 ES-MaACL
005 20230906183438.0
007 t|
008 051118s1965 sp ||||1| cat d
100 1 _aMerton, Thomas.
_980619
245 1 0 _aVida i santedat /
_cThomas Merton; [versión catalana de Josep Vallverdú Aixalá].
260 _aBarcelona :
_bHerder,
_c1965.
300 _a174 p. ;
_c20 cm.
700 1 _aVallverdú, Josep.
_9112965
852 _aES-MaACL
_jF-7272
_bR.56733
999 _c103789
_d103789